000
00322nam a2200145Ia 4500
003
OSt
005
20240301120554.0
008
170524s9999 xx 000 0 und d
020
_a
978-9352718535
040
_c
IIMT UNIVERSITY
100
_a
Mahasheri
245
0
_a
Fianical Accounting
260
_a
Vikas
942
_2
ddc
_c
01
999
_c
3102
_d
3102